Nghiên cứu đặc tính và hiệu quả phòng trừ của Nucleopolyhedrosis virus (NPV) trên sâu ăn tạp (Spodoptera litura Fabr.) và sâu xanh da láng (Spodoptera exigua Hubn.) tại Đồng bằng sông Cửu Long : Luận án tiến sĩ ngành: Bảo vệ thực vật

Thu thập, phân lập và tuyển chọn được chủng virus NPV cho hiệu quả cao đối với sâu ăn tạp và sâu xanh da láng tại ĐBSCL. Xây dựng được quy trình sản xuất chế phẩm sinh học NPV dạng lỏng và dạng khô trong điều kiện phòng thí nghiệm. Ứng dụng đ...

Full description

Saved in:
Bibliographic Details
Main Author: Trịnh, Thị Xuân
Format: Book
Language:Undetermined
Published: Cần Thơ Trường Đại học Cần Thơ 2018
Subjects:
Tags: Add Tag
No Tags, Be the first to tag this record!
Institutions: Trung tâm Học liệu Trường Đại học Cần Thơ
LEADER 01467nam a2200229Ia 4500
001 CTU_228378
008 210402s9999 xx 000 0 und d
082 |a 632.9 
082 |b X502 
088 |a 62620112 
100 |a Trịnh, Thị Xuân 
245 0 |a Nghiên cứu đặc tính và hiệu quả phòng trừ của Nucleopolyhedrosis virus (NPV) trên sâu ăn tạp (Spodoptera litura Fabr.) và sâu xanh da láng (Spodoptera exigua Hubn.) tại Đồng bằng sông Cửu Long : 
245 0 |b Luận án tiến sĩ ngành: Bảo vệ thực vật 
245 0 |c Trịnh Thị Xuân ; Trần Văn Hai (hướng dẫn khoa học) 
260 |a Cần Thơ 
260 |b Trường Đại học Cần Thơ 
260 |c 2018 
520 |a Thu thập, phân lập và tuyển chọn được chủng virus NPV cho hiệu quả cao đối với sâu ăn tạp và sâu xanh da láng tại ĐBSCL. Xây dựng được quy trình sản xuất chế phẩm sinh học NPV dạng lỏng và dạng khô trong điều kiện phòng thí nghiệm. Ứng dụng được chế phẩm sinh học NPV trong quản lý sâu ăn tạp (SAT) và sâu xanh da láng (SXDL) trên đồng ruộng. 
650 |a Sâu bệnh,Pests 
650 |x Kiểm soát,Control 
910 |b dqhieu 
980 |a Trung tâm Học liệu Trường Đại học Cần Thơ